LEADER 00792nam0-2200241 --450 001 9910843196203321 005 20240410133434.0 100 $a20240410d1947----kmuy0itay5050 ba 101 0 $afre 102 $aCH 105 $a 001yy 200 1 $aDe Descartes a Marcel Proust$eessais sur la theorie des essences, le positivisme et les methodes dialectique et reflexive$fMaurice Muller 210 $aNeuchatel$cEditions de la Baconniere$d1947 215 $a161 p.$d20 cm 225 1 $aÊtre et penser. Cahiers de philosophie$v2 700 1$aMuller,$bMaurice$0218151 801 0$aIT$bUNINA$gREICAT$2UNIMARC 901 $aBK 912 $a9910843196203321 952 $aDAM A10 MULM 01$b2024/3467$fFLFBC 959 $aFLFBC 996 $aDe Descartes a Marcel Proust$94149966 997 $aUNINA